[Event "AUTO-INT-3148"]
[Site "http://www.queenalice.com/game.php?id=1428362"]
[Date "2016.6.20"]
[Round "1"]
[White "oldfool"]
[Black "FunChess"]
[Result "0-1"]
[WhiteElo "1499"]
[BlackElo "2057"]

1. d4 Nf6 2. Bf4 g6 3. d5 Bg7 4. c3 O-O 5. e3 c6 6. c4 cxd5 7. cxd5 Qa5+ 8. Nd2
Nxd5 9. Bc4 Nxf4 10. exf4 Bxb2 11. Rb1 Bg7 12. Rb5 Qc7 13. Ngf3 a6 14. Re5 Bxe5
15. fxe5 Nc6 16. Ng5 Qxe5+ 17. Qe2 Qxg5 18. O-O d5 19. Bb3 Nd4 20. Qd3 Nxb3 21.
Nxb3 b5 22. Nc5 Be6 23. h3 Rfc8 24. f4 Qf5 25. Qa3 d4 26. Nxa6 Rc6 27. Qxe7
Rcxa6 28. Qc5 Qxc5 0-1

[Event "AUTO-INT-3152"]
[Site "http://www.queenalice.com/game.php?id=1431244"]
[Date "2016.7.11"]
[Round "1"]
[White "Jomaley"]
[Black "oldfool"]
[Result "1-0"]
[WhiteElo "1527"]
[BlackElo "1441"]

1. e4 e5 2. Nf3 Nc6 3. c3 d6 4. Bb5 Bd7 5. a4 Na5 6. b4 Nc6 7. O-O Qf6 8. Na3 a6
9. Bxc6 Bxc6 10. d3 O-O-O 11. b5 axb5 12. axb5 Be8 13. Nc4 Bxb5 14. Ra8+ Kd7 15.
Rxd8+ Kxd8 16. Na3 Ba6 17. c4 b6 18. Bg5 1-0

[Event "AUTO-INT-3152"]
[Site "http://www.queenalice.com/game.php?id=1431245"]
[Date "2016.7.11"]
[Round "1"]
[White "oldfool"]
[Black "Jomaley"]
[Result "0-1"]
[WhiteElo "1449"]
[BlackElo "1493"]

1. d4 d5 2. Nf3 f6 3. e3 Bg4 4. Be2 Qd6 5. h3 Bxf3 6. Bxf3 c6 7. e4 dxe4 8. Bxe4
Nd7 9. O-O g6 10. c4 f5 11. Bf3 Bg7 12. d5 c5 13. Re1 O-O-O 14. Re6 Qc7 15. g3
Ne5 16. Nc3 Nxc4 17. Bf4 Qa5 18. g4 Bxc3 19. bxc3 Qxc3 20. Bg5 Rd6 21. Bd2 Nxd2
22. Rxd6 exd6 23. Kg2 Nxf3 24. Qxf3 Qxa1 25. Qa3 a6 26. g5 Ne7 27. Qb3 h6 28.
Qc4 hxg5 29. Kg3 Qg1+ 30. Kf3 Rxh3+ 31. Ke2 Qg4+ 32. Qxg4 fxg4 0-1

[Event "AUTO-INT-3152"]
[Site "http://www.queenalice.com/game.php?id=1431260"]
[Date "2016.7.11"]
[Round "1"]
[White "oldfool"]
[Black "Rider"]
[Result "0-1"]
[WhiteElo "1427"]
[BlackElo "1607"]

1. d4 d5 2. Nf3 e6 3. Ng5 c6 4. Nxf7 Kxf7 5. e3 Nf6 6. h3 Qd6 7. Bd2 Be7 8. Bd3
Re8 9. O-O e5 10. c4 e4 11. Be2 c5 12. Qa4 Bd7 13. Qb3 b6 14. Rc1 cxd4 15. exd4
Bd8 16. Nc3 Bc7 17. Nb5 Bxb5 18. g3 Bd7 19. c5 bxc5 20. dxc5 Qe5 21. Bc3 Qf5 22.
Bg4 Nxg4 23. hxg4 Qg5 24. Qb7 Nc6 25. Qxc7 Qe7 26. Qf4+ Kg8 27. Re1 Rf8 28. Qd2
Qxc5 29. Rec1 Qd6 30. g5 g6 31. Bf6 Rae8 32. Qc3 Rf7 33. Bd4 Rf3 34. Be3 d4 35.
Qc4+ Re6 36. Rd1 d3 37. Bc5 Qe5 38. Be3 Rxe3 39. fxe3 Qxg3+ 40. Kh1 Qxg5 41. Rg1
Qxe3 42. Kh2 Ne5 43. Qc3 Nf3+ 44. Kh1 Nxg1 45. Rxg1 Qh3# 0-1

[Event "AUTO-INT-3152"]
[Site "http://www.queenalice.com/game.php?id=1431261"]
[Date "2016.7.11"]
[Round "1"]
[White "Rider"]
[Black "oldfool"]
[Result "1-0"]
[WhiteElo "1645"]
[BlackElo "1449"]

1. e4 e5 2. d4 d6 3. dxe5 Ne7 4. exd6 cxd6 5. Nc3 a6 6. Qf3 Ng6 7. Bc4 Qd7 8.
Nd5 Ne5 9. Qc3 Qg4 10. g3 Qxe4+ 11. Be2 Qxh1 12. Qxc8# 1-0

[Event "AUTO-INT-3152"]
[Site "http://www.queenalice.com/game.php?id=1431262"]
[Date "2016.7.11"]
[Round "1"]
[White "oldfool"]
[Black "ulisses67"]
[Result "0-1"]
[WhiteElo "1426"]
[BlackElo "1631"]

1. d4 g6 2. Nf3 Bg7 3. Bg5 Nf6 4. Nc3 h6 5. Be3 d6 6. Bf4 Nc6 7. e3 e5 8. dxe5
dxe5 9. Qxd8+ Kxd8 10. Nxe5 Nxe5 11. Bxe5 Re8 12. Rd1+ Bd7 13. Nb5 Rxe5 14. Bc4
c6 15. Nd6 Ke7 16. Bxf7 Nd5 17. Bxd5 cxd5 18. Nxb7 Rb8 19. Nc5 Bg4 20. f3 Rxe3+
21. Kf2 Bxf3 22. Kxe3 Bxd1 23. Rxd1 Kd6 24. Nd3 a5 25. Nf4 Re8+ 26. Kd3 g5 27.
Nh5 Bxb2 28. c4 d4 29. Rd2 Re3+ 30. Kc2 Bc3 31. Rd3 Re2+ 32. Kb3 Rb2+ 33. Ka3
Rb4 34. Rd1 Bb2# 0-1

[Event "Challenge"]
[Site "http://www.queenalice.com/game.php?id=1432736"]
[Date "2016.7.22"]
[Round "-"]
[White "zubarev"]
[Black "oldfool"]
[Result "1-0"]
[WhiteElo "1841"]
[BlackElo "1428"]

1. d4 d5 2. Nc3 Nf6 3. Nf3 Bg4 4. e3 Ne4 5. Be2 Nxc3 6. bxc3 h6 7. O-O Nc6 8.
Ne5 Bxe2 9. Qxe2 Nxe5 10. dxe5 Qd7 11. f4 O-O-O 12. Qf2 Qf5 13. e4 dxe4 14. Qxa7
c6 15. Ba3 Rd2 16. Bb4 Rxc2 17. Bc5 Rxc3 18. Rad1 Qg4 19. Bb6 1-0

[Event "Challenge"]
[Site "http://www.queenalice.com/game.php?id=1432737"]
[Date "2016.7.22"]
[Round "-"]
[White "oldfool"]
[Black "zubarev"]
[Result "0-1"]
[WhiteElo "1435"]
[BlackElo "1785"]

1. d4 d5 2. Nf3 Nf6 3. Nc3 e6 4. Bg5 Be7 5. Ne5 O-O 6. e3 c5 7. Bb5 cxd4 8. exd4
Nc6 9. Nxc6 bxc6 10. Bxc6 Rb8 11. b3 Ne8 12. O-O Bxg5 13. Qh5 Bb7 14. Bxb7 Rxb7
15. f4 Bh6 16. f5 Qb6 17. Ne2 Be3+ 18. Kh1 Nf6 19. Qf3 Bxd4 20. Rad1 Be5 21. Rd3
Qc6 22. Nd4 Bxd4 23. Rxd4 e5 24. Rh4 Qxc2 25. Ra1 e4 26. Qe3 Rd7 27. g4 d4 28.
Qg5 d3 29. Rc1 d2 30. Rxc2 d1=Q+ 31. Kg2 Qxc2+ 32. Kg3 Rd3+ 0-1

[Event "Challenge"]
[Site "http://www.queenalice.com/game.php?id=1433677"]
[Date "2016.7.29"]
[Round "-"]
[White "oldfool"]
[Black "arlesiana"]
[Result "1-0"]
[WhiteElo "1445"]
[BlackElo "1432"]

1. d4 e6 2. e4 c6 3. Bc4 Nh6 4. h3 b5 5. Bd3 f5 6. Nf3 Be7 7. Ne5 d6 8. Nf3 c5
9. O-O g5 10. exf5 a6 11. Be3 c4 12. Be2 Nc6 13. Nfd2 Nxf5 14. b3 Nh4 15. Bh5+
Ng6 16. Nf3 O-O 17. Nc3 e5 18. Re1 Nh4 19. Nxh4 gxh4 20. Bg4 Nb4 21. Bf3 Bf5 22.
Ne4 Bxe4 23. Bxe4 Bf6 24. Bxa8 Qxa8 25. c3 Nd3 26. Rf1 Qe8 27. Qc2 Qg6 28. a4
Kh8 29. axb5 Rg8 30. f3 e4 31. f4 Qg3 32. Qd2 cxb3 33. bxa6 Ra8 34. d5 b2 35.
Ra2 Qg8 36. c4 Qg3 37. Bf2 Qxf4 38. Qxf4 Nxf4 39. Re1 Ne2+ 40. Kf1 Nf4 41. Rb1
Nd3 42. Bb6 Nb4 43. Ra3 Rxa6 44. Rxa6 Nxa6 45. Ke2 Nb4 46. Ke3 Na2 47. Bd4 Bxd4+
48. Kxd4 e3 49. Rxb2 Nc1 50. Kxe3 Kg8 51. Rb7 Na2 52. Kf4 h6 53. Kf5 Nc3 54. Kg6
Kf8 55. Kxh6 Ke8 56. Kh5 Na4 57. Kxh4 Nc5 58. Rh7 Ne4 59. Rc7 Kd8 60. Ra7 Kc8
61. g4 Nf6 62. g5 Ne8 63. Kh5 Ng7+ 64. Rxg7 Kd8 65. g6 Ke8 66. Rf7 Kd8 67. Kh6
Ke8 68. Rf4 1-0

[Event "Challenge"]
[Site "http://www.queenalice.com/game.php?id=1433879"]
[Date "2016.7.30"]
[Round "-"]
[White "jbugg"]
[Black "oldfool"]
[Result "0-1"]
[WhiteElo "1444"]
[BlackElo "1418"]

1. e4 e5 2. Nf3 Nf6 3. Nxe5 Nxe4 4. Qe2 f5 5. Qc4 Qe7 6. Qxc7 Na6 7. Qa5 d6 8.
Nf3 Bd7 9. Qd5 Bc6 10. Qxf5 Ng3+ 11. Kd1 Nxf5 12. Bd3 Bxf3+ 13. gxf3 Nh4 14. Be2
O-O-O 15. Nc3 g6 16. d4 g5 17. Nd5 Qe6 18. Bxg5 Re8 19. Ne3 Nb4 20. Bc4 Qg6 21.
Bxh4 a6 22. Bb3 Bh6 23. a3 Nd3 24. Rb1 Nxf2+ 25. Ke2 Nxh1 26. Rxh1 Bxe3 27. Rd1
Bxd4+ 28. Kd2 Bxb2 29. a4 Qg2+ 30. Kd3 Qe2# 0-1

[Event "Challenge"]
[Site "http://www.queenalice.com/game.php?id=1435081"]
[Date "2016.8.6"]
[Round "-"]
[White "recchdegomm1"]
[Black "oldfool"]
[Result "1-0"]
[WhiteElo "1209"]
[BlackElo "1418"]

1. e4 e5 2. Nf3 Nf6 3. Nc3 d6 4. Bc4 Be7 5. O-O Nc6 6. Ng5 Nd7 7. Qf3 f6 8. Nf7
Rf8 9. Qh5 g6 10. Nxd8 Bxd8 11. Qxh7 g5 12. a3 Nb6 13. Be2 Nd4 14. Qg6+ 1-0

[Event "Challenge"]
[Site "http://www.queenalice.com/game.php?id=1435829"]
[Date "2016.8.11"]
[Round "-"]
[White "zubarev"]
[Black "oldfool"]
[Result "1-0"]
[WhiteElo "1884"]
[BlackElo "1429"]

1. d4 d5 2. Nc3 e6 3. Nf3 Bd6 4. Ne5 Bxe5 5. dxe5 Ne7 6. e3 Qd7 7. Bd3 O-O 8.
O-O h6 9. f4 d4 10. exd4 Qxd4+ 11. Kh1 Bd7 12. Bh7+ 1-0

[Event "Rematch"]
[Site "http://www.queenalice.com/game.php?id=1435901"]
[Date "2016.8.12"]
[Round "-"]
[White "oldfool"]
[Black "jbugg"]
[Result "1-0"]
[WhiteElo "1433"]
[BlackElo "1427"]

1. d4 d5 2. Nc3 Nf6 3. Nf3 Nc6 4. e3 Bf5 5. Be2 Nb4 6. a3 Nxc2+ 7. Kd2 Nxa1 8.
Ne5 Nb3+ 9. Qxb3 Ne4+ 10. Nxe4 Bxe4 11. Qxb7 Bxg2 12. Rg1 Be4 13. Qc6+ Qd7 14.
Qxd7# 1-0

[Event "AUTO-INT-3168"]
[Site "http://www.queenalice.com/game.php?id=1438411"]
[Date "2016.8.29"]
[Round "1"]
[White "jeffcom2f"]
[Black "oldfool"]
[Result "1-0"]
[WhiteElo "1591"]
[BlackElo "1460"]

1. c4 d5 2. cxd5 Qxd5 3. Nc3 Qf5 4. e4 Qe5 5. Nf3 Qd6 6. d4 Bg4 7. Be2 Nc6 8.
O-O Qg6 9. g3 O-O-O 10. Be3 Nf6 11. e5 Kb8 12. exf6 Qxf6 13. Nh4 Bxe2 14. Qxe2
Nxd4 15. Bxd4 Rxd4 16. Nf3 Rd8 17. Ne4 Qb6 18. Rfd1 Rxd1+ 19. Qxd1 a6 20. b3 Qb4
21. Neg5 f6 22. Nh3 e5 23. Qd8+ Ka7 24. Qxc7 Be7 25. Nd2 Rd8 26. Nc4 Qc5 27.
Qxc5+ Bxc5 28. Kg2 Rd3 29. Nb2 Rd2 30. Nc4 Re2 31. Kf1 Re4 32. Rd1 Bb4 33. f3
Rd4 34. Ke2 Bc5 35. f4 b5 36. Rxd4 Bxd4 37. Ne3 e4 38. Nf2 b4 39. Nxe4 Kb6 40.
Nc2 a5 41. Nxd4 h6 42. Ne6 f5 43. Nd6 g6 44. Nf8 g5 45. Nxf5 gxf4 46. gxf4 1-0

[Event "AUTO-INT-3168"]
[Site "http://www.queenalice.com/game.php?id=1438412"]
[Date "2016.8.29"]
[Round "1"]
[White "oldfool"]
[Black "jeffcom2f"]
[Result "1-0"]
[WhiteElo "1409"]
[BlackElo "1636"]

1. d4 d5 2. b3 Nf6 3. h3 Nc6 4. Bb2 e6 5. Nf3 Bd6 6. e3 O-O 7. Be2 Re8 8. Ne5
Bxe5 9. dxe5 Nd7 10. O-O Ncxe5 11. Nc3 c6 12. Re1 b5 13. e4 Bb7 14. Qd2 d4 15.
Qxd4 c5 16. Qe3 b4 17. Nb5 Qb6 18. Rad1 a6 19. Nd6 Red8 20. Qf4 f6 21. Bc4 Nxc4
22. Nxc4 Qc6 23. Rd6 Qc7 24. f3 e5 25. Qe3 Nf8 26. Red1 Rd7 27. Qe2 Rxd6 28.
Nxd6 Rd8 29. Qc4+ 1-0

[Event "AUTO-INT-3168"]
[Site "http://www.queenalice.com/game.php?id=1438423"]
[Date "2016.8.29"]
[Round "1"]
[White "Quiaseze"]
[Black "oldfool"]
[Result "1-0"]
[WhiteElo "1737"]
[BlackElo "1449"]

1. e4 e5 2. Bc4 f6 3. Nf3 Ne7 4. Nh4 d6 5. d3 Nbc6 6. f4 h6 7. Qh5+ g6 8. Nxg6
Nxg6 9. Qxg6+ Kd7 10. f5 Ne7 11. Qxf6 Rh7 12. Nc3 Bg7 13. Qe6+ Kc6 14. Bd5+ Kb6
15. Be3+ Ka5 16. Qf7 Qf8 17. a3 Qxf7 18. Bxf7 Bd7 19. b4+ Ka6 20. a4 b6 21. O-O
Rf8 22. Bc4+ Kb7 23. Rf3 Bc6 24. Raf1 Bh8 25. f6 Ng6 26. b5 Be8 27. f7 Nh4 28.
Bd5+ c6 29. bxc6+ Bxc6 30. R3f2 Bxd5 31. Nxd5 Ng6 32. g3 h5 33. Bg5 a6 34. Ne7
Nxe7 35. Bxe7 1-0

[Event "AUTO-INT-3168"]
[Site "http://www.queenalice.com/game.php?id=1438424"]
[Date "2016.8.29"]
[Round "1"]
[White "oldfool"]
[Black "Quiaseze"]
[Result "0-1"]
[WhiteElo "1434"]
[BlackElo "1648"]

1. d4 Nf6 2. e3 e6 3. Bd3 d5 4. Nc3 Nbd7 5. Nge2 Bb4 6. Bd2 O-O 7. a3 Bxc3 8.
Nxc3 c6 9. O-O e5 10. Bf5 exd4 11. exd4 Nb6 12. Bxc8 Rxc8 13. Re1 Re8 14. Qf3
Nc4 15. Bc1 Rxe1# 0-1

[Event "AUTO-INT-3168"]
[Site "http://www.queenalice.com/game.php?id=1438431"]
[Date "2016.8.29"]
[Round "1"]
[White "oldfool"]
[Black "ismaelfln"]
[Result "1-0"]
[WhiteElo "1427"]
[BlackElo "1476"]

1. d4 d5 2. g3 Nc6 3. Bf4 Nxd4 4. Qxd4 e6 5. Qd2 Bc5 6. e3 Nf6 7. Bd3 O-O 8. Nf3
c6 9. Ne5 d4 10. O-O dxe3 11. Bxe3 Bxe3 12. Qxe3 Nd5 13. Qc5 f6 14. Nc4 Bd7 15.
Nbd2 b6 16. Qa3 b5 17. Ne3 b4 18. Qb3 Nxe3 19. fxe3 c5 20. Qc4 Qc8 21. Kg2 Qc6+
22. Be4 Qb5 23. Qb3 Bc6 24. Qxe6+ Kh8 25. Bxc6 Qe2+ 26. Rf2 Qh5 27. Bxa8 Rxa8
28. Ne4 Re8 29. Qc4 f5 30. Qxc5 h6 31. Rxf5 Qg6 32. Nd6 Rd8 33. Nf7+ Kh7 34.
Nxd8 Qb6 35. Qxb6 axb6 36. Rb5 1-0

[Event "AUTO-INT-3168"]
[Site "http://www.queenalice.com/game.php?id=1438432"]
[Date "2016.8.29"]
[Round "1"]
[White "ismaelfln"]
[Black "oldfool"]
[Result "0-1"]
[WhiteElo "1328"]
[BlackElo "1445"]

1. e4 d5 2. e5 c5 3. Bb5+ Bd7 4. Bxd7+ Nxd7 5. d4 c4 6. Nf3 e6 7. c3 Ne7 8. O-O
h6 9. b3 Qc7 10. Ba3 Nf5 11. Bxf8 Nxf8 12. b4 Nd7 13. a4 O-O 14. b5 b6 15. g4
Ne7 16. g5 h5 17. Nh4 g6 18. f4 a6 19. bxa6 Rxa6 20. Na3 Nb8 21. Nb5 Qd7 22. Nd6
Nbc6 23. Nf3 Na5 24. Nd2 Nf5 25. Nxf5 exf5 26. Re1 Raa8 27. Nf3 Nb7 28. e6 fxe6
29. Ne5 Qe8 30. Kg2 Nd6 31. Qb1 Qd8 32. Nxg6 Re8 33. Ne5 Ne4 34. Nc6 Qd6 35.
Qxb6 Qxf4 36. Rf1 Qg4+ 37. Kh1 Nxg5 38. Ne5 Qe4+ 39. Kg1 Nh3# 0-1

[Event "Challenge"]
[Site "http://www.queenalice.com/game.php?id=1439613"]
[Date "2016.9.4"]
[Round "-"]
[White "Vin100"]
[Black "oldfool"]
[Result "1-0"]
[WhiteElo "1458"]
[BlackElo "1424"]

1. e4 e5 2. Nf3 Bd6 3. d4 f6 4. Bd3 Ne7 5. O-O O-O 6. Bc4+ Kh8 7. Nc3 Nec6 8. d5
Ne7 9. a3 c6 10. b4 Ng6 11. Be3 f5 12. g3 f4 13. Bc5 Bxc5 14. bxc5 Na6 15. Bxa6
bxa6 16. a4 Rb8 17. h4 a5 18. h5 Ne7 19. d6 Ng8 20. Nxe5 Nf6 21. gxf4 Rg8 22.
Nf7# 1-0

[Event "Challenge"]
[Site "http://www.queenalice.com/game.php?id=1447117"]
[Date "2016.11.1"]
[Round "-"]
[White "oldfool"]
[Black "serard1"]
[Result "0-1"]
[WhiteElo "1440"]
[BlackElo "1457"]

1. d4 a5 2. b3 b6 3. d5 d6 4. e4 h5 5. Nf3 Bg4 6. Be2 Bxf3 7. Bxf3 e6 8. Bxh5 g6
9. Bg4 e5 10. O-O Nh6 11. Bf3 f5 12. Be3 c6 13. h3 c5 14. Re1 Nf7 15. Kh2 Bh6
16. Qd3 Bxe3 17. Rxe3 Qh4 18. Bd1 f4 19. Re1 Ng5 0-1

[Event "Challenge"]
[Site "http://www.queenalice.com/game.php?id=1447118"]
[Date "2016.11.1"]
[Round "-"]
[White "oldfool"]
[Black "serard1"]
[Result "0-1"]
[WhiteElo "1425"]
[BlackElo "1449"]

1. d4 h5 2. e4 a5 3. Nf3 d6 4. d5 Bg4 5. Be2 Nf6 6. h3 Bxf3 7. Bxf3 e6 8. O-O c6
9. c4 cxd5 10. Nd2 d4 11. Be2 a4 12. Nf3 Nxe4 13. Nh2 Qb6 14. Nf3 e5 15. Nh4 g6
16. Bd3 Nc5 17. Re1 Be7 18. Nf3 e4 0-1

[Event "Challenge"]
[Site "http://www.queenalice.com/game.php?id=1447437"]
[Date "2016.11.2"]
[Round "-"]
[White "vivoferreira"]
[Black "oldfool"]
[Result "1-0"]
[WhiteElo "1444"]
[BlackElo "1456"]

1. e4 e5 2. d4 f6 3. d5 d6 4. f3 Ne7 5. Nc3 Ng6 6. Be3 c6 7. dxc6 Nxc6 8. Bc4
Qc7 9. Nge2 Qb6 10. Bxb6 axb6 11. Nd5 1-0

[Event "Challenge"]
[Site "http://www.queenalice.com/game.php?id=1447438"]
[Date "2016.11.2"]
[Round "-"]
[White "oldfool"]
[Black "vivoferreira"]
[Result "0-1"]
[WhiteElo "1410"]
[BlackElo "1474"]

1. d4 Nf6 2. h3 e6 3. Nc3 g6 4. Be3 Bg7 5. Qd3 b6 6. O-O-O Bb7 7. f3 O-O 8. Kb1
d5 9. Bg5 Nc6 10. Qe3 Re8 11. Bh6 e5 12. dxe5 Rxe5 0-1